| 000 | 01160njm a22002897a 4500 | ||
|---|---|---|---|
| 005 | 20100921154155.0 | ||
| 006 | a|||||r|||||00| 0 | ||
| 007 | sd ammalaaahaa | ||
| 008 | 100901t xxu||||| |||| 00| 0 eng d | ||
| 028 |
_aSFLP-1190 _bSuper |
||
| 035 | _aGR-07777 | ||
| 040 |
_aSED _cSED |
||
| 100 |
_aMangeshkar, Lata _917891 |
||
| 245 |
_aSindoor / _cby Lata Mangeshkar ;music by LaxmiKant Pyarelal ;lyric by Anand Bakshi _h[Sound recording] |
||
| 246 | _aसिन्दूर (लता मंगेशकर) | ||
| 260 |
_aDUM DUM, India _bSuper _c1988 |
||
| 300 |
_a1 Sound disc [Gramophone Recording] : _banalog, 33 1/3 rpm _c12 in. (LP) _fGramophone Record |
||
| 500 | _aBrief record | ||
| 500 | _aRecord Labels : super,Red | ||
| 505 | _aSide-1 (patjhad saawan basant bahar) (Lata Mangeshkar); Side--2 ()Naam saare mujhe bhool janey lagey (Lata Mangeshkar & Mohd. Aziz) | ||
| 600 | _2Mangeshkar, Lata | ||
| 650 |
_aClassical Music _xExcerpts _zIndia _917892 |
||
| 700 |
_aLaxmiKant Pyarelal _919099 |
||
| 700 |
_aAnand Bakshi _920866 |
||
| 942 |
_2ddc _cGR |
||
| 999 |
_c47352 _d47352 |
||